Score 0/20 Timer 05:00
0 Plays Today
% Correct
I was Houdini'd
94.4%
but he is someone you can always count on and that is a rare thing, kiddo.
90.3%
You can't pet it.
87.1%
Zen and the Art of Hazing Hipsters?
87.1%
We can figure anything out, just like always.
86.3%
so unless she tripped and fell on a bullet, it wasn't an accident.
85.9%
Take off the sunglasses. You look stupid.
84.7%
and I've got no one to blame but myself.
83.1%
I just never thought it would be my own.
81.9%
then yes, that's exactly what I mean
81.9%
% Correct
Then why am I so angry?
81%
chicks dig scars.
80.2%
because that is just wrong.
73.8%
out of their money that is.
71.8%
Yeah, like six times
71.4%
What do you need?
70.2%
Have you started jarring artisanal pickles yet?
64.5%
Next question.
64.1%
A giant Rambo knife, that's psychotic.
60.9%
Yes, when I was eight.
60.1%
Come Together.
Have Fun.
All Virtual.
We all need to come together. Play Sporcle's virtual live trivia to have fun, connect with people, and get your trivia on. Join a live hosted trivia game for your favorite pub trivia experience done virtually. If a virtual private party is more your thing, go here for details.

You're not logged in!

Compare scores with friends on all Sporcle quizzes.
OR
Log In

Sporcle TV

Today on Sporcle TV


Watch our educational content, quiz creation guides, and fun videos on Sporcle TV.

Show Comments

Extras

Top Quizzes Today


Score Distribution

Paid Content

Your Account Isn't Verified!

In order to create a playlist on Sporcle, you need to verify the email address you used during registration. Go to your Sporcle Settings to finish the process.

Report this User

Report this user for behavior that violates our Community Guidelines.

Details: